00328nam a2200133Ia 4500003000400000005001700004008004100021020001800062040000900080100002300089245005300112260002000165260000900185OSt20240208160847.0170524s9999 xx 000 0 und d a9788122433494 cIIMT aMudambi- Sumati R. 0aFundamentals of Food- Nutrition and Diet Therapy bNew Delhi : PHI c2007